000 00750nam a2200217 a 4500
001 000047117
005 20201002053354.0
008 180417s2002 dr a 000 0 spa d
020 _a8421628135
040 _aDO-SdBNP
_bspa
_cBNPHU
082 _axxx
_bM425g, 7mo., 2002
245 0 0 _aMatemática grado 7 :
_beducación básica /
_cGeovanny A. Lachapell M., Manuel Sosa; editorial Nelgia Altagracia Acosta.
260 _aSanto Domingo :
_bSusaeta,
_bTodoLibro,
_c2002.
300 _a198p. :
_bil. ;
_c28 cm.
490 1 _aProyecto dominicano
590 _aInventariado, 2018/MFF
700 1 _aLachapell M., Geovanny A.
_974911
700 1 _aSosa, Manuel
_974912
700 1 _aAcosta, Nelgia Altagracia
_937803
830 0 _aProyecto dominicano
_974913
999 _c46605
_d46605